Statistiche per Tutte le squadre state in Serie B

Clicka qui per fare il quiz!

Statistiche generali

  • Questo quiz è stato fatto 9 volte
  • Il punteggio medio è 64 su 144

Statistiche sulle risposte

RegioneSquadra% Corretto
LombardiaAtalanta
100%
VenetoChievo
100%
LombardiaMilan
100%
LombardiaBrescia
88%
LombardiaComo
88%
ToscanaFiorentina
88%
LazioFrosinone
88%
LiguriaGenoa
88%
PiemonteJuventus
88%
LazioLazio
88%
LombardiaLecco
88%
ToscanaLivorno
88%
VenetoL.R. Vicenza
88%
LombardiaMonza
88%
Emilia-RomagnaParma
88%
LazioRoma
88%
LiguriaSampdoria
88%
LiguriaSpezia
88%
PiemonteTorino
88%
Friuli-Venezia GiuliaUdinese
88%
PiemonteAlessandria
75%
ToscanaArezzo
75%
PugliaBari
75%
Emilia-RomagnaBologna
75%
SiciliaCatania
75%
ToscanaEmpoli
75%
LazioLatina
75%
PugliaLecce
75%
SiciliaMessina
75%
CampaniaNapoli
75%
PiemonteNovara
75%
SiciliaPalermo
75%
Emilia-RomagnaReggiana
75%
CampaniaSalernitana
75%
VenetiVenezia
75%
VenetoVerona
75%
CampaniaAvellino
63%
CalabriaCatanzaro
63%
CalabriaCosenza
63%
LombardiaCremonese
63%
CalabriaCrotone
63%
CampaniaJuve Stabia
63%
LombardiaMantova
63%
Emilia-RomagnaModena
63%
VenetoPadova
63%
UmbriaPerugia
63%
AbruzzoPescara
63%
ToscanaPisa
63%
PiemontePro Vercelli
63%
CalabriaReggina
63%
Emilia-RomagnaSassuolo
63%
LiguriaSavona
63%
ToscanaSiena
63%
Emilia-RomagnaSPAL
63%
Trentino-Alto AdigeSüdtirol
63%
UmbriaTernana
63%
VenetoTreviso
63%
Friuli-Venezia GiuliaTriestina
63%
PugliaArsenale Taranto
50%
Emilia-RomagnaCarpi
50%
CampaniaCasale
50%
Emilia-RomagnaCesena
50%
PugliaFidelis Andria
50%
PugliaFoggia
50%
ToscanaLucchese
50%
Emilia-RomagnaPiacenza
50%
Friuli-Venezia GiuliaPordenone
50%
Emilia-RomagnaRavenna
50%
SiciliaSiracusa
50%
PugliaTaranto
50%
LombardiaVarese
50%
LiguriaVirtus Entella
50%
MarcheAscoli
38%
PugliaBarletta
38%
CampaniaBenevento
38%
PugliaBrindisi
38%
SardegnaCagliari
38%
MoliseCampobasso
38%
ToscanaCarrarese
38%
CampaniaCasertana
38%
VenetoCittadella
38%
LombardiaFeralpisalò
38%
Emilia-RomagnaForlì
38%
ToscanaGrosseto
38%
ToscanaPistoiese
38%
ToscanaPrato
38%
LazioRieti
38%
Emilia-RonagnaRimini
38%
SiciliaTrapani
38%
LombardiaAlbinoLeffe
25%
MarcheAncona
25%
LombardiaCrema
25%
AbruzzoLanciano
25%
AbruzzoL'Aquila
25%
LombardiaLegnano
25%
ToscanaMassese
25%
LazioMATER
25%
CampaniaNocerina
25%
LombardiaPavia
25%
BasilicataPotenza
25%
LombardiaPro Patria
25%
LiguriaSampierdarenese
25%
CampaniaScafatese
25%
LiguriaSestrese
25%
PugliaTrani
25%
PiemonteBiellese
13%
Trentino-Alto AdigeBolzano
13%
CampaniaCavese
13%
Emilia-RomagnaCentese
13%
PiemonteDerthona
13%
MarcheFermana
13%
Litoraneo-montana (Croazia)Fiumana
13%
Istria (Croazia)Grion Pola
13%
UmbriaGubbio
13%
SiciliaLicata
13%
LombardiaMagenta
13%
BasilicataMatera
13%
ToscanaPiombino
13%
Friuli-Venezia GiuliaPro Gorizia
13%
LombardiaPro Sesto
13%
MarcheSambenedettese
13%
CampaniaSavoia
13%
CampaniaSorrento
13%
ToscanaViareggio
13%
LombardiaVigevano
13%
LombardiaVogherese
13%
SiciliaAcireale
0%
LazioAlbatrastevere
0%
LombardiaAlzano Virescit
0%
AbruzzoCastel di Sangro
0%
LombardiaFanfulla
0%
LombardiaGallaratese
0%
PugliaGallipoli
0%
LiguriaLa Dominante
0%
MarcheMaceratese
0%
VenetoMarzotto Valdagno
0%
VenetoMestre
0%
Emilia-RomagnaMolinella
0%
Friuli-Venezia GiuliaMonfalcone
0%
LombardiaPonte San Pietro
0%
VenetoPortogruaro
0%
LiguriaSanremese
0%
LombardiaSeregno
0%
LombardiaSuzzara
0%

Distribuzione punteggi

Percentile per numero di risposta

Percentuale di utenti per punteggio

I tuoi punteggi nel tempo

Non hai fatto questo quiz